<?xml version="1.0" encoding="UTF-8"?>
<record
    xmlns:xsi="http://www.w3.org/2001/XMLSchema-instance"
    xsi:schemaLocation="http://www.loc.gov/MARC21/slim http://www.loc.gov/standards/marcxml/schema/MARC21slim.xsd"
    xmlns="http://www.loc.gov/MARC21/slim">

  <leader>01954nam a2200337 a 4500</leader>
  <controlfield tag="001">000024895</controlfield>
  <controlfield tag="005">20250226101152.0</controlfield>
  <controlfield tag="008">100712s1997    ag a          000 | spa d</controlfield>
  <datafield tag="020" ind1=" " ind2=" ">
    <subfield code="z">98796446</subfield>
  </datafield>
  <datafield tag="040" ind1=" " ind2=" ">
    <subfield code="a">DO-SdBNP</subfield>
    <subfield code="b">spa</subfield>
    <subfield code="c">BNPHU</subfield>
  </datafield>
  <datafield tag="082" ind1=" " ind2=" ">
    <subfield code="a">574.5268</subfield>
    <subfield code="b">G215b</subfield>
  </datafield>
  <datafield tag="245" ind1="0" ind2="0">
    <subfield code="a">Gu&#xED;a pr&#xE1;ctica de ecolog&#xED;a urbana /</subfield>
    <subfield code="c">Antonio Elio Brailovsky; ... [et al.] ; pr&#xF3;logo Gustavo Beliz.</subfield>
  </datafield>
  <datafield tag="260" ind1=" " ind2=" ">
    <subfield code="a">[Argentina] :</subfield>
    <subfield code="b">Centro de Investigaciones Ambientales,</subfield>
    <subfield code="c">1997.</subfield>
  </datafield>
  <datafield tag="300" ind1=" " ind2=" ">
    <subfield code="a">254 p. :</subfield>
    <subfield code="b">il. ;</subfield>
    <subfield code="c">21 cm.</subfield>
  </datafield>
  <datafield tag="505" ind1="0" ind2=" ">
    <subfield code="t">Pr&#xF3;logo</subfield>
    <subfield code="t">Ecolog&#xED;a urbana depende de nosotros /</subfield>
    <subfield code="r">Federico Jos&#xE9; Caeiro</subfield>
    <subfield code="t">Algunas reflexiones</subfield>
    <subfield code="t">El agua: algo m&#xE1;s que H2O /</subfield>
    <subfield code="r">Mar&#xED;a c. Zeballos de Sisto</subfield>
    <subfield code="t">Cuidar el aire, cuidar nuestra vida /</subfield>
    <subfield code="r">Elita Rosales</subfield>
    <subfield code="t">Los residuos urbanos /</subfield>
    <subfield code="r">Mariana Salaberry</subfield>
    <subfield code="t">Espacios verdes /</subfield>
    <subfield code="r">Elita Rosales</subfield>
    <subfield code="t">Contaminaci&#xF3;n visual /</subfield>
    <subfield code="r">Silvina Garc&#xED;a Conto</subfield>
    <subfield code="t">Ruidosa Buenos Aires /</subfield>
    <subfield code="r">Leopoldo Navarro</subfield>
    <subfield code="t">Fauna urbana /</subfield>
    <subfield code="r">Federico Jos&#xE9; Caeiro</subfield>
    <subfield code="t">Modificaciones h&#xE1;bitos de consumo /</subfield>
    <subfield code="r">Federico Jos&#xE9; Caeiro</subfield>
    <subfield code="t">Derrochando energ&#xED;as /</subfield>
    <subfield code="r">Francisco Jos&#xE9; Pestnha</subfield>
    <subfield code="t">Un cuento: c&#xF3;mo explicar lo inexplicable /</subfield>
    <subfield code="r">Mar&#xED;a c. Zeballos de Sisto</subfield>
    <subfield code="t">Una constituci&#xF3;n ecol&#xF3;gica /</subfield>
    <subfield code="r">Antonio Elio Brailovsky</subfield>
    <subfield code="t">Constituci&#xF3;n de la ciudad de Buenos Aires /</subfield>
    <subfield code="t">Tel&#xE9;fonos y direcciones &#xFA;tiles Bibliograf&#xED;as Los autores /</subfield>
    <subfield code="t">Bibliograf&#xED;as</subfield>
    <subfield code="t">Los autores</subfield>
  </datafield>
  <datafield tag="650" ind1=" " ind2="0">
    <subfield code="a">Ecolog&#xED;a urbana (Sociolog&#xED;a)</subfield>
    <subfield code="9">51100</subfield>
  </datafield>
  <datafield tag="650" ind1=" " ind2="0">
    <subfield code="a">Urbanismo</subfield>
    <subfield code="9">51101</subfield>
  </datafield>
  <datafield tag="650" ind1=" " ind2="4">
    <subfield code="a">Sostenibilidad urbana</subfield>
    <subfield code="9">51102</subfield>
  </datafield>
  <datafield tag="650" ind1=" " ind2="4">
    <subfield code="a">Planificaci&#xF3;n urbana</subfield>
    <subfield code="9">51103</subfield>
  </datafield>
  <datafield tag="700" ind1="1" ind2=" ">
    <subfield code="a">Brailovsky, Antonio Elio</subfield>
    <subfield code="9">51104</subfield>
  </datafield>
  <datafield tag="700" ind1="1" ind2=" ">
    <subfield code="a">Anaya, Benjam&#xED;n</subfield>
    <subfield code="e">il.</subfield>
    <subfield code="9">51105</subfield>
  </datafield>
  <datafield tag="700" ind1="1" ind2=" ">
    <subfield code="a">Salaberry, Mariana</subfield>
    <subfield code="9">51106</subfield>
  </datafield>
  <datafield tag="700" ind1="1" ind2=" ">
    <subfield code="a">Garc&#xED;a Conto, Silvina</subfield>
    <subfield code="9">51107</subfield>
  </datafield>
  <datafield tag="700" ind1="1" ind2=" ">
    <subfield code="a">Pestnha , Francisco Jos&#xE9;</subfield>
    <subfield code="9">51108</subfield>
  </datafield>
  <datafield tag="700" ind1="1" ind2=" ">
    <subfield code="a">Caeiro, Federico Jos&#xE9;</subfield>
    <subfield code="9">51109</subfield>
  </datafield>
  <datafield tag="700" ind1="1" ind2=" ">
    <subfield code="a">Navarro, Leopoldo</subfield>
    <subfield code="9">51110</subfield>
  </datafield>
  <datafield tag="700" ind1="1" ind2=" ">
    <subfield code="a">Rosales, Elita</subfield>
    <subfield code="9">51111</subfield>
  </datafield>
  <datafield tag="700" ind1="1" ind2=" ">
    <subfield code="a">Zeballos de Sisto , Mar&#xED;a c.</subfield>
    <subfield code="9">51112</subfield>
  </datafield>
  <datafield tag="710" ind1="2" ind2=" ">
    <subfield code="a">Fundaci&#xF3;n Nueva Dirigencia</subfield>
    <subfield code="9">51113</subfield>
  </datafield>
  <datafield tag="049" ind1=" " ind2=" ">
    <subfield code="a">BNGR</subfield>
  </datafield>
  <datafield tag="952" ind1=" " ind2=" ">
    <subfield code="0">0</subfield>
    <subfield code="1">0</subfield>
    <subfield code="5">4</subfield>
    <subfield code="7">0</subfield>
    <subfield code="8">MO</subfield>
    <subfield code="a">GR</subfield>
    <subfield code="b">GR</subfield>
    <subfield code="c">CT</subfield>
    <subfield code="d">2011-02-07</subfield>
    <subfield code="i">LF1</subfield>
    <subfield code="l">0</subfield>
    <subfield code="o">574.5268 G215b</subfield>
    <subfield code="p">24895-10</subfield>
    <subfield code="r">2020-06-25</subfield>
    <subfield code="w">2020-06-25</subfield>
    <subfield code="y">4</subfield>
    <subfield code="Z">Pr&#xE9;stamo en sala</subfield>
  </datafield>
  <datafield tag="999" ind1=" " ind2=" ">
    <subfield code="c">24388</subfield>
    <subfield code="d">24388</subfield>
  </datafield>
</record>
